La guerra de Nicaragua y la independencia de Cuba (1855-1857) /
Guardat en:
| Autor principal: | |
|---|---|
| Format: | Desconegut |
| Idioma: | Spanish |
| Matèries: | |
| Etiquetes: |
Afegir etiqueta
Sense etiquetes, Sigues el primer a etiquetar aquest registre!
|
MARC
| LEADER | 000000000a22000000004500 | ||
|---|---|---|---|
| 001 | 009197 | ||
| 041 | 0 | |a spa | |
| 100 | 1 | |a Guzmán Stein, Miguel | |
| 245 | 1 | 3 | |a La guerra de Nicaragua y la independencia de Cuba (1855-1857) / |c Miguel Guzmán Stein. |
| 310 | |a semestral | ||
| 650 | 4 | |a NICARAGUA | |
| 650 | 4 | |a CUBA | |
| 650 | 4 | |a HISTORIA | |
| 773 | 0 | |x 1021-1209 |d San José, Costa Rica : Editorial de la Universidad de Costa Rica |t Reflexiones |g número 1 (2001), páginas 121-139 | |
| 942 | |c ARC | ||
| 999 | |c 15098 |d 15098 | ||
